-
WILLARD, HOBART H. , MERRITT,Jr LYNNE , DEAN ,JOHN A , SETTLE ,Jr FRANK A
Entry Personal Name
Number of records used in: 1
001 - CONTROL NUMBER
003 - CONTROL NUMBER IDENTIFIER
005 - DATE AND TIME OF LATEST TRANSACTION
- control field:
20240106145011.0
008 - FIXED-LENGTH DATA ELEMENTS
- fixed length control field:
240106|| aca||aabn | a|a d
040 ## - CATALOGING SOURCE
- Original cataloging agency:
JRU
- Transcribing agency:
JRU
100 ## - HEADING--PERSONAL NAME
- Personal name:
WILLARD, HOBART H. , MERRITT,Jr LYNNE , DEAN ,JOHN A , SETTLE ,Jr FRANK A
670 ## - SOURCE DATA FOUND
- Source citation:
Work cat.: (JRU)6097: WILLARD, HOBART H. , MERRITT,Jr LYNNE , DEAN ,JOHN A , SETTLE ,Jr FRANK A, INSTRUMENTAL METHODS OF ANALYSIS, 2019